| 000 | 00409nam a2200145 a 4500 | ||
|---|---|---|---|
| 001 | 5154 | ||
| 003 | CDMR | ||
| 005 | 20130220094213.0 | ||
| 008 | 130130s2011||||||||||||||||||||||||||||d | ||
| 040 |
_aCDMR _bcat _cCPC GIRONA |
||
| 110 |
_92854 _aLloret de Mar _bAjuntament |
||
| 245 | 0 |
_aLiteratura de Viatges de Lloret de Mar _b6a edició premis 2010 |
|
| 260 |
_c2011 _bAjuntament de Lloret de Mar |
||
| 942 |
_cMON _2ddc |
||
| 999 |
_c5154 _d5154 |
||